Bankovní záruka
Guardado en:
| Autor principal: | |
|---|---|
| Formato: | Libro |
| Lenguaje: | checo |
| Publicado: |
Brno
ECON Publishing
2002
|
| Materias: | |
| Etiquetas: |
Sin Etiquetas, Sea el primero en etiquetar este registro!
|
MARC
| LEADER | 00000nam a2200000 4500 | ||
|---|---|---|---|
| 001 | c134862 | ||
| 005 | 20221124094351.1 | ||
| 020 | |a 80-86433-03-X | ||
| 041 | 0 | |a cze | |
| 044 | |a CZ | ||
| 245 | 1 | 0 | |a Bankovní záruka |c Irena Čermáková |
| 264 | 1 | |a Brno |b ECON Publishing |c 2002 | |
| 300 | |a 175 s. | ||
| 610 | 2 | 0 | |a banky |
| 610 | 2 | 0 | |a bankovníctvo |
| 610 | 2 | 0 | |a záruka |
| 610 | 2 | 0 | |a operácie bankové |
| 610 | 2 | 0 | |a služby bankové |
| 100 | 1 | |a Čermáková, Irena | |